| 000 | 00978cam a22001935a 4500 | ||
|---|---|---|---|
| 001 | L137792 | ||
| 008 | 070430s2005 xxk f 000 0 eng d | ||
| 035 | _a(Sirsi) u137792 | ||
| 041 | 0 | _aeng | |
| 100 | 1 | _aLawther, Peter M. | |
| 245 | 0 | 0 |
_aEnriching the paradigm _btaking construction management education off-shore _h[electronic resource] |
| 260 |
_aBrisbane _bQueensland University of Technology _c2005 |
||
| 490 | 0 |
_aCOBRA _v2005 |
|
| 520 | _aDiscusses a study of students who spent two weeks in Samoa undertaking construction of a house, as part of their construction management studies. Concludes that the project formed a unique educational experience within the construction management degree program. | ||
| 651 | 4 | _aInternational | |
| 690 | _aPROPERTY-RESIDENTIAL PROPERTY-DOMESTIC RESIDENTIAL PROPERTY-HOUSING-HOUSES | ||
| 856 | 4 | 0 |
_uhttps://www.rics.org/site/scripts/download_info.aspx?downloadID=2591 _zView the item free of charge at www.rics.org... |
| 942 | _n0 | ||
| 999 |
_c106902 _d106902 |
||